[Event "Verbandsliga MVP 2013-14"]
[Site "MVP"]
[Date "2014.04.06"]
[Round "8.6"]
[White "Gareis, Roberto"]
[Black "Mangold, Thomas"]
[Result "1/2-1/2"]
[WhiteElo "1869"]
[BlackElo "1896"]
[PlyCount "61"]
[EventDate "2013.??.??"]
[EventType "team-tourn"]
[EventRounds "9"]
[EventCountry "GER"]
[SourceDate "2013.10.20"]
[WhiteTeam "SV Blau-Weiß Grevesmühlen"]
[BlackTeam "SSC Rostock 07 II"]
[WhiteTeamCountry "GER"]
[BlackTeamCountry "GER"]

1. d4 Nf6 2. e3 d5 3. Bd3 g6 4. Nd2 Bg7 5. Qe2 c5 6. c3 Qc7 7. f4 cxd4 8. cxd4
Bg4 9. Ngf3 Nc6 10. a3 Rc8 11. O-O O-O 12. b4 Ne8 13. Bb2 Nd6 14. Rfc1 Qb8 15.
h3 Bxf3 16. Qxf3 e6 17. b5 Na5 18. a4 Rxc1+ 19. Rxc1 Rc8 20. Qd1 Bf8 21. Rc2
Nac4 22. Bxc4 Nxc4 23. Qc1 Nd6 24. Ba3 Rxc2 25. Qxc2 Qc8 26. Qxc8 Nxc8 27. Bc5
b6 28. Bxf8 Kxf8 29. Kf2 Nd6 30. Ke2 Ke7 31. Kd3 1/2-1/2

[Event "Verbandsliga MVP 2013-14"]
[Site "MVP"]
[Date "2014.04.06"]
[Round "8.7"]
[White "Celmer, Ole"]
[Black "Haase, Sebastian"]
[Result "1-0"]
[WhiteElo "1915"]
[BlackElo "1700"]
[PlyCount "85"]
[EventDate "2013.??.??"]
[EventType "team-tourn"]
[EventRounds "9"]
[EventCountry "GER"]
[SourceDate "2013.10.20"]
[WhiteTeam "SSC Rostock 07 II"]
[BlackTeam "SV Blau-Weiß Grevesmühlen"]
[WhiteTeamCountry "GER"]
[BlackTeamCountry "GER"]

1. e4 c5 2. c3 e6 3. d4 d5 4. exd5 exd5 5. Nf3 Bg4 6. Be2 Nc6 7. O-O Bd6 8.
dxc5 Bxc5 9. Bf4 Nge7 10. Bd3 Bd6 11. Bxd6 Qxd6 12. Nbd2 h6 13. Qa4 Bd7 14. Qc2
O-O 15. Rad1 Rfe8 16. a3 Ng6 17. c4 Nge5 18. cxd5 Qxd5 19. Bc4 Qd6 20. Nxe5
Nxe5 21. Nb3 Qc6 22. Na5 Qb6 23. b4 Rac8 24. Qb3 Nxc4 25. Nxc4 Qe6 26. Nd2 Qxb3
27. Nxb3 Ba4 28. Rb1 Rc3 29. Nc5 Bb5 30. Rfc1 Rxa3 31. Nxb7 Re2 32. Nd6 Bd3 33.
Ra1 Raa2 34. Rxa2 Rxa2 35. h3 Rb2 36. Rc7 Rxb4 37. Rxa7 f6 38. Ne8 g6 39. Nxf6+
Kf8 40. Nd7+ Ke8 41. Ne5 Bf5 42. Ra8+ Ke7 43. Nc6+ 1-0

[Event "Verbandsliga MVP 2013-14"]
[Site "MVP"]
[Date "2014.04.06"]
[Round "8.8"]
[White "Streit, Bodo"]
[Black "Schumann, Rabea"]
[Result "0-1"]
[WhiteElo "1773"]
[BlackElo "1687"]
[PlyCount "63"]
[EventDate "2013.??.??"]
[EventType "team-tourn"]
[EventRounds "9"]
[EventCountry "GER"]
[SourceDate "2013.10.20"]
[WhiteTeam "SV Blau-Weiß Grevesmühlen"]
[BlackTeam "SSC Rostock 07 II"]
[WhiteTeamCountry "GER"]
[BlackTeamCountry "GER"]

1. b4 Nf6 2. Bb2 e6 3. b5 Be7 4. e3 O-O 5. Nf3 d5 6. c4 c6 7. a4 a6 8. Qc2 dxc4
9. Bxc4 axb5 10. axb5 Rxa1 11. Bxa1 cxb5 12. Bxb5 Qa5 13. Qb2 Bd7 14. Nc3 Bxb5
15. Nxb5 Nc6 16. Nfd4 Ra8 17. O-O Nxd4 18. Nxd4 Qa6 19. Nb5 Qb6 20. Rc1 h6 21.
Qe5 Ra5 22. Rb1 Bd6 23. Qb2 Be7 24. f3 Ne8 25. Kf2 Bf6 26. d4 Qa6 27. Nc3 Nd6
28. Qb4 Rxa1 29. Rxa1 Qxa1 30. Qxd6 Qxc3 31. Qb8+ Kh7 32. Qxb7 0-1

[Event "Verbandsliga MVP 2013-14"]
[Site "MVP"]
[Date "2014.04.06"]
[Round "8.1"]
[White "Hanisch, Sebastian"]
[Black "Seiler, Dirk"]
[Result "0-1"]
[WhiteElo "2045"]
[BlackElo "2105"]
[PlyCount "138"]
[EventDate "2013.??.??"]
[EventType "team-tourn"]
[EventRounds "9"]
[EventCountry "GER"]
[SourceDate "2013.10.20"]
[WhiteTeam "SF Schwerin III"]
[BlackTeam "SG Güstrow/Teterow"]
[WhiteTeamCountry "GER"]
[BlackTeamCountry "GER"]

1. Nf3 d5 2. b3 Bg4 3. Bb2 Nf6 4. Ne5 Bh5 5. g3 e6 6. Bg2 Bd6 7. O-O Nbd7 8. d4
O-O 9. c4 c6 10. Nd2 Qe7 11. Re1 Ng4 12. Nd3 f5 13. Qc1 f4 14. h3 Nh6 15. g4
Bg6 16. Nf3 Be4 17. Qd2 Nf7 18. c5 Bc7 19. Nxf4 Ng5 20. Nd3 Bxf3 21. exf3 Nxf3+
22. Bxf3 Rxf3 23. Re3 Raf8 24. Rxf3 Rxf3 25. Kg2 Qf7 26. Qe2 Rf6 27. Re1 Nf8
28. Bc1 h6 29. g5 hxg5 30. Bxg5 Rf5 31. Qg4 Nh7 32. h4 Nf6 33. Bxf6 Qxf6 34.
Re3 Kf7 35. Rf3 Rxf3 36. Qxf3 Qxf3+ 37. Kxf3 Kf6 38. Kg4 e5 39. dxe5+ Bxe5 40.
f4 Bd4 41. h5 Bc3 42. a3 Bd4 43. b4 a6 44. Ne1 Bb2 45. Nd3 Bc3 46. Nc1 a5 47.
bxa5 Bxa5 48. Nb3 Bc3 49. a4 Bb4 50. f5 Bc3 51. Kf4 Ke7 52. Kf3 Kf6 53. Kf4 Bb4
54. Kg4 Be1 55. Kf4 Bc3 56. Kg4 d4 57. Kf4 d3 58. Ke3 d2 59. Nxd2 Bxd2+ 60.
Kxd2 Kxf5 61. Ke3 Kg5 62. Ke4 Kxh5 63. Ke5 g5 64. Kd6 g4 65. Kc7 g3 66. Kxb7 g2
67. Kxc6 g1=Q 68. Kb6 Qd4 69. Kb5 Qd5 0-1

[Event "Verbandsliga MVP 2013-14"]
[Site "MVP"]
[Date "2014.04.06"]
[Round "8.2"]
[White "Dettmann, Gerd"]
[Black "Wagner, Ralph"]
[Result "1-0"]
[WhiteElo "2088"]
[BlackElo "2037"]
[PlyCount "121"]
[EventDate "2013.??.??"]
[EventType "team-tourn"]
[EventRounds "9"]
[EventCountry "GER"]
[SourceDate "2013.10.20"]
[WhiteTeam "SG Güstrow/Teterow"]
[BlackTeam "SF Schwerin III"]
[WhiteTeamCountry "GER"]
[BlackTeamCountry "GER"]

1. e4 e6 2. d4 d5 3. Nc3 Bb4 4. Nge2 dxe4 5. a3 Be7 6. Nxe4 Nd7 7. N2g3 Ngf6 8.
Bd3 O-O 9. O-O b6 10. b4 Bb7 11. Bb2 Nxe4 12. Nxe4 Nf6 13. f3 Qd5 14. c4 Qh5
15. Qc2 Rad8 16. Rad1 Bxe4 17. Bxe4 Nxe4 18. fxe4 a5 19. b5 Rd7 20. Rf3 Bd6 21.
e5 Be7 22. Rdf1 Qg6 23. Qb3 Qe4 24. Re3 Qg4 25. Qd3 Rfd8 26. Re4 Qg6 27. Qf3 h5
28. Kh1 Bg5 29. g4 h4 30. Rd1 Rf8 31. Re2 Rfd8 32. Kg2 Kh7 33. Qe4 Qxe4+ 34.
Rxe4 Kg6 35. Rd3 Be7 36. Re1 Bg5 37. Kf3 Be7 38. Red1 f6 39. Ke4 fxe5 40. d5
exd5+ 41. Rxd5 Rxd5 42. Rxd5 Bd6 43. a4 Rf8 44. Bxe5 Bxe5 45. Kxe5 Rf2 46. h3
Rf3 47. Rd7 Rxh3 48. Rxc7 Rc3 49. Kd4 h3 50. Rc8 Kh7 51. Rf8 h2 52. Rf1 Rg3 53.
Rh1 Rxg4+ 54. Kd5 Rh4 55. c5 bxc5 56. b6 g5 57. b7 Rb4 58. Rxh2+ Kg6 59. Kc6 g4
60. Kc7 Kg5 61. Rc2 1-0

[Event "Verbandsliga MVP 2013-14"]
[Site "MVP"]
[Date "2014.04.06"]
[Round "8.4"]
[White "Luther, Alexander"]
[Black "Kupfernagel, Michael"]
[Result "0-1"]
[WhiteElo "1907"]
[BlackElo "1917"]
[PlyCount "68"]
[EventDate "2013.??.??"]
[EventType "team-tourn"]
[EventRounds "9"]
[EventCountry "GER"]
[SourceDate "2013.10.20"]
[WhiteTeam "SG Güstrow/Teterow"]
[BlackTeam "SF Schwerin III"]
[WhiteTeamCountry "GER"]
[BlackTeamCountry "GER"]

1. e4 c5 2. Nf3 d6 3. d4 cxd4 4. Nxd4 Nf6 5. Nc3 a6 6. Be2 e5 7. Nb3 Be7 8. Be3
Be6 9. f4 Qc7 10. Qd2 Nbd7 11. Bf3 Nb6 12. Qf2 Nc4 13. Bc1 exf4 14. Nd4 O-O 15.
Nce2 d5 16. e5 Ne4 17. Bxe4 dxe4 18. Qxf4 Qxe5 19. Qxe5 Nxe5 20. Nxe6 fxe6 21.
Bf4 Nc6 22. O-O-O Rxf4 23. Nxf4 Bg5 24. g3 e5 25. Rd5 Bh6 26. Rd7 exf4 27. gxf4
Bxf4+ 28. Kb1 b5 29. Rg1 g5 30. Rg2 Rd8 31. Rxd8+ Nxd8 32. c3 Kf7 33. Kc2 Ke6
34. Kb3 Kd5 0-1

[Event "Verbandsliga MVP 2013-14"]
[Site "MVP"]
[Date "2014.04.06"]
[Round "8.5"]
[White "Goertz, Frank"]
[Black "Dettmann, Holger"]
[Result "1/2-1/2"]
[WhiteElo "1863"]
[BlackElo "1896"]
[PlyCount "21"]
[EventDate "2013.??.??"]
[EventType "team-tourn"]
[EventRounds "9"]
[EventCountry "GER"]
[SourceDate "2013.10.20"]
[WhiteTeam "SF Schwerin III"]
[BlackTeam "SG Güstrow/Teterow"]
[WhiteTeamCountry "GER"]
[BlackTeamCountry "GER"]

1. e4 c6 2. d4 d6 3. Bd3 Qc7 4. f4 e5 5. c3 Nf6 6. Nf3 Bg4 7. O-O Nbd7 8. Be3
Be7 9. Nbd2 O-O 10. h3 Bxf3 11. Qxf3 1/2-1/2

[Event "Verbandsliga MVP 2013-14"]
[Site "MVP"]
[Date "2014.04.06"]
[Round "8.6"]
[White "Kiel, Bernd"]
[Black "Siegert, Gregor"]
[Result "1-0"]
[WhiteElo "1909"]
[BlackElo "1859"]
[PlyCount "53"]
[EventDate "2013.??.??"]
[EventType "team-tourn"]
[EventRounds "9"]
[EventCountry "GER"]
[SourceDate "2013.10.20"]
[WhiteTeam "SG Güstrow/Teterow"]
[BlackTeam "SF Schwerin III"]
[WhiteTeamCountry "GER"]
[BlackTeamCountry "GER"]

1. e4 c5 2. c3 d5 3. exd5 Qxd5 4. d4 Nc6 5. Nf3 Bg4 6. Be2 cxd4 7. cxd4 e5 8.
Nc3 Bb4 9. Bd2 Bxc3 10. Bxc3 Bxf3 11. Bxf3 e4 12. Be2 O-O-O 13. Qa4 f5 14. Bc4
Qd6 15. d5 Ne5 16. Bxe5 Qxe5 17. Qxa7 Rd7 18. Rc1 Kd8 19. O-O Ke7 20. Bb5 Rxd5
21. Qxb7+ Kf6 22. Rc6+ Kg5 23. Bc4 Rd8 24. g3 g6 25. Qb6 Ne7 26. Qe3+ f4 27.
gxf4+ 1-0

[Event "Verbandsliga MVP 2013-14"]
[Site "MVP"]
[Date "2014.04.06"]
[Round "8.7"]
[White "Voll, Andreas"]
[Black "Fidorra, Thomas"]
[Result "1/2-1/2"]
[WhiteElo "1807"]
[BlackElo "1847"]
[PlyCount "202"]
[EventDate "2013.??.??"]
[EventType "team-tourn"]
[EventRounds "9"]
[EventCountry "GER"]
[SourceDate "2013.10.20"]
[WhiteTeam "SF Schwerin III"]
[BlackTeam "SG Güstrow/Teterow"]
[WhiteTeamCountry "GER"]
[BlackTeamCountry "GER"]

1. d4 d5 2. c4 e6 3. Nf3 Nf6 4. e3 Be7 5. Bd3 O-O 6. O-O b6 7. cxd5 exd5 8.
Nbd2 Ba6 9. Qe2 Bxd3 10. Qxd3 Re8 11. b3 Bd6 12. Bb2 Nbd7 13. Rac1 Ne4 14. Qc2
Re6 15. Nxe4 dxe4 16. Ne5 Bxe5 17. dxe5 Nc5 18. Ba1 Qh4 19. Qe2 Rh6 20. h3 Rg6
21. Kh2 Ne6 22. Rfd1 h5 23. Rc4 Qg5 24. Rg1 Qf5 25. Qc2 Nc5 26. f3 Rd8 27. b4
Qg5 28. bxc5 Qg3+ 29. Kh1 exf3 30. Rf4 fxg2+ 31. Qxg2 Qxe3 32. Rf3 Qxc5 33. Rg3
Rxg3 34. Qxg3 Qc6+ 35. Qg2 Qxg2+ 36. Rxg2 Rd1+ 37. Rg1 Rd2 38. Rg2 Rd1+ 39. Rg1
Rd3 40. Kh2 c5 41. Rg2 c4 42. e6 fxe6 43. Rxg7+ Kf8 44. Rxa7 h4 45. Bg7+ Ke8
46. Bf6 c3 47. Bxh4 Rd2+ 48. Kg3 c2 49. Rc7 Rd3+ 50. Kg4 Rd4+ 51. Kh5 Rd3 52.
Rxc2 Rxh3 53. Rc6 Ra3 54. Rxe6+ Kd7 55. Re2 Kc6 56. Be7 Rf3 57. Kg4 Rf7 58. Bb4
Kb5 59. a3 Kc4 60. Re4+ Kb3 61. Re6 b5 62. Re3+ Ka4 63. Rc3 Rf1 64. Rf3 Rg1+
65. Kf5 Rg5+ 66. Ke6 Re5+ 67. Kd7 Re3 68. Rf5 Re2 69. Kc6 Rc2+ 70. Rc5 Rg2 71.
Rd5 Rc2+ 72. Kb6 Rg2 73. Bd6 Rc2 74. Rd4+ Rc4 75. Rd5 Rc1 76. Bb4 Rf1 77. Rd6
Rf5 78. Rd8 Rf6+ 79. Bd6 Rf5 80. Ra8+ Kb3 81. Ra5 Kc4 82. Ra4+ Kd5 83. Bc5 Ke6
84. Kxb5 Kd7 85. Ra7+ Kc8 86. a4 Kb8 87. Rh7 Rf1 88. a5 Rb1+ 89. Kc6 Ka8 90.
Rh8+ Rb8 91. Rh7 Rb7 92. Rh8+ Rb8 93. Rh1 Rb1 94. Rh4 Rb8 95. a6 Rc8+ 96. Kb5
Kb8 97. Kb6 Ka8 98. Bd6 Rd8 99. Rh6 Rc8 100. Re6 Rd8 101. Bc7 Rd6+ 1/2-1/2

[Event "Verbandsliga MVP 2013-14"]
[Site "MVP"]
[Date "2014.04.06"]
[Round "8.8"]
[White "Ramp, Oliver"]
[Black "Pamperin, Gerhard"]
[Result "1/2-1/2"]
[WhiteElo "1808"]
[BlackElo "1813"]
[PlyCount "35"]
[EventDate "2013.??.??"]
[EventType "team-tourn"]
[EventRounds "9"]
[EventCountry "GER"]
[SourceDate "2013.10.20"]
[WhiteTeam "SG Güstrow/Teterow"]
[BlackTeam "SF Schwerin III"]
[WhiteTeamCountry "GER"]
[BlackTeamCountry "GER"]

1. e4 e6 2. d4 d5 3. exd5 exd5 4. Bd3 Nf6 5. Ne2 Bd6 6. Bf4 O-O 7. O-O Nc6 8.
c3 Bg4 9. f3 Bh5 10. Nd2 Bg6 11. Bxg6 hxg6 12. Re1 Re8 13. Bxd6 Qxd6 14. Ng3
Qf4 15. Nb3 b6 16. Qd2 Qd6 17. Rxe8+ Rxe8 18. Re1 1/2-1/2

[Event "Verbandsliga MVP 2013-14"]
[Site "MVP"]
[Date "2014.04.06"]
[Round "8.4"]
[White "Wandel, Bernd"]
[Black "Kutschke, Peter"]
[Result "0-1"]
[WhiteElo "2073"]
[BlackElo "1932"]
[PlyCount "52"]
[EventDate "2013.??.??"]
[EventType "team-tourn"]
[EventRounds "9"]
[EventCountry "GER"]
[SourceDate "2013.10.20"]
[WhiteTeam "SF Schwerin II"]
[BlackTeam "HSG Uni Rostock"]
[WhiteTeamCountry "GER"]
[BlackTeamCountry "GER"]

1. d4 d5 2. c4 Bf5 3. Nc3 e6 4. Nf3 c6 5. Bf4 Bd6 6. Bxd6 Qxd6 7. c5 Qc7 8. e3
Nd7 9. Nh4 Bg6 10. Be2 e5 11. Qa4 exd4 12. exd4 Ngf6 13. Nxg6 hxg6 14. g3 O-O
15. O-O b6 16. cxb6 axb6 17. Qb3 Rfe8 18. Bf3 Qd6 19. Rad1 Re7 20. a3 Ne8 21.
Rc1 Nc7 22. Rfd1 Ne6 23. Qc2 Nf6 24. Na4 b5 25. Nb6 Rb8 26. Qxc6 Rxb6 0-1

[Event "Verbandsliga MVP 2013-14"]
[Site "MVP"]
[Date "2014.04.06"]
[Round "8.5"]
[White "Giese, Guido"]
[Black "Roehl, Rainer"]
[Result "1/2-1/2"]
[WhiteElo "1899"]
[BlackElo "2031"]
[PlyCount "57"]
[EventDate "2013.??.??"]
[EventType "team-tourn"]
[EventRounds "9"]
[EventCountry "GER"]
[SourceDate "2013.10.20"]
[WhiteTeam "HSG Uni Rostock"]
[BlackTeam "SF Schwerin II"]
[WhiteTeamCountry "GER"]
[BlackTeamCountry "GER"]

1. e4 c5 2. Nc3 g6 3. f4 Bg7 4. Nf3 Nc6 5. Bb5 Na5 6. d3 a6 7. Ba4 b5 8. Bb3 e6
9. O-O Ne7 10. Qe2 Bb7 11. e5 d5 12. exd6 Qxd6 13. Ne4 Bxe4 14. Qxe4 O-O 15. c3
Nxb3 16. axb3 Rfd8 17. Rd1 Qd5 18. Qxd5 Nxd5 19. d4 cxd4 20. Nxd4 Nc7 21. Be3
Nd5 22. Bc1 Nc7 23. Be3 Rd6 24. Nf3 Rxd1+ 25. Rxd1 Nd5 26. Kf2 Rc8 27. b4 Ra8
28. Ra1 h5 29. g3 1/2-1/2

[Event "Verbandsliga MVP 2013-14"]
[Site "MVP"]
[Date "2014.04.08"]
[Round "8.7"]
[White "Hantel, Thomas"]
[Black "Hasselmann, Dieter"]
[Result "1/2-1/2"]
[WhiteElo "1661"]
[BlackElo "2030"]
[PlyCount "91"]
[EventDate "2013.??.??"]
[EventType "team-tourn"]
[EventRounds "9"]
[EventCountry "GER"]
[SourceDate "2013.10.20"]
[WhiteTeam "HSG Uni Rostock"]
[BlackTeam "SF Schwerin II"]
[WhiteTeamCountry "GER"]
[BlackTeamCountry "GER"]

1. d4 d5 2. c4 e6 3. Nc3 Be7 4. Nf3 Nf6 5. Bg5 O-O 6. e3 Nbd7 7. Be2 a6 8. a4
dxc4 9. Bxc4 c5 10. O-O b6 11. Qe2 Bb7 12. Rfd1 Nd5 13. Bxe7 Nxc3 14. Bxd8
Nxe2+ 15. Bxe2 Rfxd8 16. Rac1 Rac8 17. h3 Kf8 18. Bc4 Bxf3 19. gxf3 cxd4 20.
Bxa6 Rxc1 21. Rxc1 Nc5 22. Bb5 e5 23. b4 Ne6 24. Rd1 Ke7 25. Kf1 Ng5 26. Ke2
Nxh3 27. Rh1 Ng5 28. f4 exf4 29. exf4 Ne4 30. Rxh7 Nc3+ 31. Kd3 Nd5 32. Rxg7
Nxb4+ 33. Kd2 Kf6 34. Rg5 Rc8 35. Bd3 Rc3 36. Rf5+ Ke6 37. Re5+ Kd6 38. Bb5 f6
39. Re8 Rf3 40. Rd8+ Kc5 41. Rc8+ Kd5 42. Ke2 Ra3 43. Rd8+ Ke4 44. f3+ Rxf3 45.
Rxd4+ Kxd4 46. Kxf3 1/2-1/2

[Event "Verbandsliga MVP 2013-14"]
[Site "MVP"]
[Date "2014.04.06"]
[Round "8.8"]
[White "Schiewer, Robert"]
[Black "Ernst, Mathias"]
[Result "1/2-1/2"]
[WhiteElo "1897"]
[BlackElo "1609"]
[PlyCount "59"]
[EventDate "2013.??.??"]
[EventType "team-tourn"]
[EventRounds "9"]
[EventCountry "GER"]
[SourceDate "2013.10.20"]
[WhiteTeam "SF Schwerin II"]
[BlackTeam "HSG Uni Rostock"]
[WhiteTeamCountry "GER"]
[BlackTeamCountry "GER"]

1. e4 c5 2. Nf3 Nc6 3. d4 cxd4 4. Nxd4 d6 5. Nc3 Nf6 6. Be2 g6 7. O-O Bg7 8.
Be3 O-O 9. h3 h6 10. Qd2 Kh7 11. f4 Qa5 12. Nb3 Qd8 13. Rad1 Be6 14. Qe1 Qc8
15. Kh2 Nb4 16. Nd4 Bd7 17. a3 Nc6 18. Qf2 Na5 19. Bc1 Nc6 20. Nf3 Ne8 21. Nd5
e6 22. Ne3 Nf6 23. Bd3 Qc7 24. c3 Rad8 25. g3 Bc8 26. Bc2 a6 27. Rd2 Na5 28.
Rfd1 Nc4 29. Nxc4 Qxc4 30. Qe3 1/2-1/2

[Event "Verbandsliga MVP 2013-14"]
[Site "MVP"]
[Date "2014.04.06"]
[Round "8.1"]
[White "Hornych, Christoph"]
[Black "Mildner, Jens"]
[Result "1-0"]
[WhiteElo "2061"]
[BlackElo "2029"]
[PlyCount "59"]
[EventDate "2013.??.??"]
[EventType "team-tourn"]
[EventRounds "9"]
[EventCountry "GER"]
[SourceDate "2013.10.20"]
[WhiteTeam "SF Ostsee Warnemünde"]
[BlackTeam "Greifswalder SV II"]
[WhiteTeamCountry "GER"]
[BlackTeamCountry "GER"]

1. e4 c5 2. Nf3 Nc6 3. d4 cxd4 4. Nxd4 Nf6 5. Nc3 e5 6. Ndb5 d6 7. Bg5 a6 8.
Na3 b5 9. Nd5 Be7 10. Bxf6 Bxf6 11. c3 Bg5 12. Nc2 Be6 13. a4 bxa4 14. Rxa4 a5
15. Bb5 Rc8 16. Rc4 Bd7 17. Nce3 O-O 18. Qa4 Nb8 19. O-O Bxe3 20. Nxe3 Be6 21.
Rxc8 Bxc8 22. Rd1 Bb7 23. Nf5 d5 24. exd5 g6 25. Ne3 f5 26. Nc4 e4 27. Nxa5 Bc8
28. d6 Bd7 29. Nc6 Bxc6 30. Bxc6 1-0

[Event "Verbandsliga MVP 2013-14"]
[Site "MVP"]
[Date "2014.04.06"]
[Round "8.2"]
[White "Hagenlueke, Thomas"]
[Black "Schumacher, Dirk"]
[Result "1/2-1/2"]
[WhiteElo "1897"]
[BlackElo "2000"]
[PlyCount "118"]
[EventDate "2013.??.??"]
[EventType "team-tourn"]
[EventRounds "9"]
[EventCountry "GER"]
[SourceDate "2013.10.20"]
[WhiteTeam "Greifswalder SV II"]
[BlackTeam "SF Ostsee Warnemünde"]
[WhiteTeamCountry "GER"]
[BlackTeamCountry "GER"]

1. d4 Nf6 2. c4 g6 3. f3 Bg7 4. e4 O-O 5. Nc3 d6 6. Bg5 h6 7. Be3 e5 8. dxe5
dxe5 9. Bc5 Qxd1+ 10. Rxd1 Re8 11. Nd5 Na6 12. Ba3 c6 13. Ne7+ Kh7 14. Nxc8
Raxc8 15. c5 Nc7 16. Bc4 Rcd8 17. Ne2 Rxd1+ 18. Kxd1 Kg8 19. b4 Nd7 20. Kc2 b5
21. cxb6 Nxb6 22. Bb3 Bf8 23. Bc1 Bxb4 24. Bxh6 a5 25. a4 c5 26. Be3 Ne6 27.
Bxe6 Rxe6 28. Bd2 Nxa4 29. Ra1 Bxd2 30. Kxd2 Nb6 31. Kc2 a4 32. Nc3 Re8 33. Nd5
Nxd5 34. exd5 Ra8 35. Kc3 Kf8 36. Kc4 Ra5 37. d6 Ke8 38. Kd5 Kd7 39. Kxe5 Kc6
40. h4 a3 41. g4 Ra4 42. h5 gxh5 43. gxh5 Rh4 44. Rxa3 Rxh5+ 45. Kf6 Kxd6 46.
Kxf7 Rh3 47. Rd3+ Kc6 48. Ke6 c4 49. Rc3 Kc5 50. Ke5 Kb4 51. Re3 Rh8 52. Kf5 c3
53. f4 Rf8+ 54. Kg5 c2 55. Re1 Kc3 56. f5 Kd2 57. Ra1 Ra8 58. Rh1 c1=Q 59. Rxc1
Kxc1 1/2-1/2

[Event "Verbandsliga MVP 2013-14"]
[Site "MVP"]
[Date "2014.04.06"]
[Round "8.3"]
[White "Ruesch, Hans Joachim"]
[Black "Hertel, Johannes"]
[Result "0-1"]
[WhiteElo "1984"]
[BlackElo "1927"]
[PlyCount "100"]
[EventDate "2013.??.??"]
[EventType "team-tourn"]
[EventRounds "9"]
[EventCountry "GER"]
[SourceDate "2013.10.20"]
[WhiteTeam "SF Ostsee Warnemünde"]
[BlackTeam "Greifswalder SV II"]
[WhiteTeamCountry "GER"]
[BlackTeamCountry "GER"]

1. g3 c5 2. Bg2 Nc6 3. Nf3 g6 4. O-O Bg7 5. d3 e5 6. e4 Nge7 7. Nc3 O-O 8. Be3
d6 9. Qd2 Nd4 10. Ne1 Be6 11. Nd1 b6 12. c3 Ndc6 13. Bh6 d5 14. Bxg7 Kxg7 15.
Qe2 Qd7 16. Nf3 d4 17. Ng5 dxc3 18. Nxe6+ Qxe6 19. bxc3 c4 20. dxc4 Na5 21. Ne3
Rac8 22. f4 f6 23. f5 Qc6 24. fxg6 hxg6 25. Bh3 Rc7 26. Nd5 Nxd5 27. cxd5 Qxc3
28. Rfd1 Qc5+ 29. Qf2 Qxf2+ 30. Kxf2 Rc2+ 31. Kg1 Rh8 32. Bg2 Nc4 33. Rdc1
Rxc1+ 34. Rxc1 b5 35. a4 a6 36. axb5 axb5 37. Bf1 Rc8 38. Bh3 Rh8 39. Bd7 Nd6
40. Rc7 Kh6 41. Rc5 Rb8 42. Kg2 b4 43. Kf3 b3 44. Ba4 b2 45. Bc2 Rb3+ 46. Ke2
b1=Q 47. Bxb1 Rxb1 48. Rc6 Nxe4 49. d6 Rb7 50. Ke3 f5 0-1

[Event "Verbandsliga MVP 2013-14"]
[Site "MVP"]
[Date "2014.04.06"]
[Round "8.4"]
[White "Schwahn, Christian"]
[Black "Hamann, Dirk"]
[Result "1-0"]
[WhiteElo "1947"]
[BlackElo "1878"]
[PlyCount "99"]
[EventDate "2013.??.??"]
[EventType "team-tourn"]
[EventRounds "9"]
[EventCountry "GER"]
[SourceDate "2013.10.20"]
[WhiteTeam "Greifswalder SV II"]
[BlackTeam "SF Ostsee Warnemünde"]
[WhiteTeamCountry "GER"]
[BlackTeamCountry "GER"]

1. e4 e5 2. Nf3 Nf6 3. Nxe5 d6 4. Nf3 Nxe4 5. d3 Nf6 6. d4 d5 7. Bd3 Be7 8. O-O
O-O 9. h3 Re8 10. Re1 Nc6 11. c3 h6 12. Bf4 a6 13. Nbd2 b5 14. Ne5 Nxe5 15.
Bxe5 Be6 16. Nf3 c5 17. Bxf6 Bxf6 18. dxc5 Qc7 19. Nd4 Qxc5 20. Nxe6 Rxe6 21.
Rxe6 fxe6 22. Qg4 e5 23. Bf5 Rd8 24. Rd1 d4 25. Be6+ Kf8 26. Qg6 Qe7 27. Bb3
Qe8 28. Qe4 Qd7 29. cxd4 exd4 30. Qh7 Re8 31. Rd3 Re1+ 32. Kh2 Qc7+ 33. g3 Qc1
34. Qg8+ Ke7 35. Qf7+ Kd8 36. Qd5+ Ke7 37. a4 Qxb2 38. Rf3 Qc1 39. Rf4 Qc3 40.
axb5 axb5 41. Qxb5 Qd2 42. Qc5+ Ke8 43. Qc6+ Ke7 44. Qc7+ Ke8 45. Ba4+ Kf8 46.
Qd8+ Kf7 47. Bb3+ Kg6 48. Rxf6+ gxf6 49. Qg8+ Kf5 50. Qg4+ 1-0

[Event "Verbandsliga MVP 2013-14"]
[Site "MVP"]
[Date "2014.04.06"]
[Round "8.5"]
[White "Wolke, Heiko"]
[Black "Nauschuetz, Ernst"]
[Result "1-0"]
[WhiteElo "1910"]
[BlackElo "1893"]
[PlyCount "77"]
[EventDate "2013.??.??"]
[EventType "team-tourn"]
[EventRounds "9"]
[EventCountry "GER"]
[SourceDate "2013.10.20"]
[WhiteTeam "SF Ostsee Warnemünde"]
[BlackTeam "Greifswalder SV II"]
[WhiteTeamCountry "GER"]
[BlackTeamCountry "GER"]

1. e4 c5 2. Nf3 g6 3. c3 Bg7 4. d4 cxd4 5. cxd4 d5 6. e5 Bg4 7. h3 Bxf3 8. Qxf3
e6 9. Bb5+ Nd7 10. O-O a6 11. Be2 Ne7 12. Nd2 O-O 13. Nb3 f6 14. exf6 Nxf6 15.
Qd3 Nc6 16. Bg5 Qb6 17. Bf3 Rac8 18. Rfe1 Nb4 19. Qd2 Nd7 20. Be3 a5 21. Rad1
Nxa2 22. Nc5 Nxc5 23. dxc5 Qc7 24. Bxd5 Nb4 25. Bb3 Kh8 26. Qd7 Rfe8 27. Qxc7
Rxc7 28. Bxe6 Bxb2 29. Rd7 Rxd7 30. Bxd7 Nc6 31. Rb1 Bc3 32. Rxb7 Ne5 33. Ba4
Rc8 34. Re7 Nc6 35. Rd7 Ne5 36. Rb7 Nc4 37. Bh6 Nb2 38. Bd7 Ra8 39. c6 1-0

[Event "Verbandsliga MVP 2013-14"]
[Site "MVP"]
[Date "2014.04.06"]
[Round "8.6"]
[White "Sowada, Christoph"]
[Black "Birnbaum, Wolf Dieter"]
[Result "1-0"]
[WhiteElo "1871"]
[BlackElo "1828"]
[PlyCount "129"]
[EventDate "2013.??.??"]
[EventType "team-tourn"]
[EventRounds "9"]
[EventCountry "GER"]
[SourceDate "2013.10.20"]
[WhiteTeam "Greifswalder SV II"]
[BlackTeam "SF Ostsee Warnemünde"]
[WhiteTeamCountry "GER"]
[BlackTeamCountry "GER"]

1. e4 Nf6 2. e5 Nd5 3. d4 d6 4. Nf3 g6 5. c4 Nb6 6. Nc3 Bg7 7. exd6 cxd6 8. Be3
O-O 9. Be2 Nc6 10. O-O Bg4 11. b3 d5 12. c5 Nc8 13. Qd2 e6 14. h3 Bxf3 15. Bxf3
N8e7 16. Rfd1 Nf5 17. Ne2 Nh4 18. Bg5 Nxf3+ 19. gxf3 Qd7 20. Kg2 e5 21. Bh6
Rad8 22. Bxg7 Kxg7 23. dxe5 Nxe5 24. Nd4 Rfe8 25. Rac1 f6 26. Rc3 g5 27. f4 Nf7
28. f5 Rc8 29. Ne6+ Kg8 30. Qxd5 Qxd5+ 31. Rxd5 Nh6 32. Re3 Re7 33. Nd4 Rce8
34. Kf3 Kf7 35. b4 Re5 36. Rd7+ R8e7 37. Rxe7+ Rxe7 38. Rxe7+ Kxe7 39. Ke4 Kd7
40. b5 Nf7 41. Ne6 h5 42. f3 Ne5 43. Nxg5 Nc4 44. Ne6 a6 45. bxa6 bxa6 46. h4
Kc6 47. f4 Nd2+ 48. Ke3 Nf1+ 49. Kf2 Nd2 50. Ng7 Kxc5 51. Nxh5 Ne4+ 52. Kf3 Kd4
53. Ng3 Nd6 54. h5 Nf7 55. Ne4 a5 56. Nxf6 Kc3 57. Ne4+ Kb2 58. a4 Kb3 59. Nc5+
Kb4 60. Nb7 Kxa4 61. Ke4 Kb5 62. Nxa5 Kxa5 63. Kd5 Kb6 64. Ke6 Nh8 65. f6 1-0